01508cam a2200337 a 450000100090000000300040000900500170001300800410003001000170007102000350008803500130012304000180013605000230015408200120017710000200018924500590020925000210026826000650028930000240035433600260037833700280040433800270043250400410045950503960050060000380089670000200093490600450095494200120099999900170101195201420102815575673OSt20260220130038.0090106s2009 ilu b 001 0 eng  a 2008054623 a9781414326276qsc : alk. paper a15575673 aDLCcDLCdDLC00aBT203b.M3386 200900a2322221 aMcDowell, Josh.10aMore than a carpenter /cJosh McDowell, Sean McDowell. a[New, rev. ed.]. aCarol Stream, Ill. :bTyndale House Publishers, Inc.,c2009. ax, 179 p. ;c18 cm. atextbtxt2rdacontent aunmediatedbn2rdamedia avolumebnc2rdacarrier aIncludes bibliographical references.0 aMy story -- What makes Jesus so different? -- Lord, liar, or lunatic? -- What about science? -- The challenge of the new atheism -- Are the Bible records reliable? -- Who would die for a lie? -- What good is a dead Messiah? -- Did you hear what happened to Saul? -- Can you keep a good man down? -- Will the real Messiah please stand up? -- Isn't there some other way? -- He changed my life.00aJesus ChristxPerson and offices.1 aMcDowell, Sean. a7bcbccorignewd1eecipf20gy-gencatlg 2lcccBK c21305d21304 00102lcc70aKABUbKABUcGENd2026-02-20eDonationi2025/3683l0oBT203 .M3386 2009 C.1p38352r2026-02-20 13:02:31tC.1w2026-02-20yBK